Höchste Kirchen Bilder Quiz - Statistiken

Allgemein
  • Dieses Quiz wurde 95 mal gespielt
  • Das Durchschnittsergebnis liegt bei 6 aus 17
Antwortstatistiken
Bildquiz Hint Antwort % Korrekt
Deutschland Kölner Dom
98%
Vatikanstadt Petersdom
88%
Deutschland Ulmer Münster
86%
Österreich Stephansdom
58%
Deutschland St. Marien
44%
Frankreich Straßburger Münster
42%
Deutschland St. Michael
37%
Österreich Neuer Dom Linz
36%
Frankreich Kathedrale von Rouen
26%
Deutschland St. Nikolai
23%
Deutschland St. Martin
19%
Elfenbeinküste Basilika Notre-Dame de la Paix
15%
Deutschland St. Petri
15%
Deutschland St. Jacobi
6%
Italen San Gaudenzio
5%
Polen Basilika der Muttergottes von Licheń
2%
Brasilien Kathedrale von Maringá
2%
Keine übereinstimmenden Quizze gefunden
Verteilung der Resultate
Anzahl Personen mit jedem Resultat
Perzentil nach korrekt beantworteten Fragen
Ihre Resultats-Entwicklung
Sie haben dieses Quiz noch nicht gespielt